Statistics for astros trivia

Click here to take the quiz!

General Stats

  • This quiz has been taken 106 times
    (104 since last reset)
  • The average score is 4 of 6

Answer Stats

QuestionAnswer% Correct
Who did the Astros beat in the 2017 World SeriesDodgers
95%
Who won 2017 AL MVPJose Altuve
82%
Who was the Astros 2017 managerA.J Hinch
78%
Who won the 2019 cy youngJustin Verlander
62%
Who was the first Astros Hall-Of-FamerCraig Biggio
40%
how many world series apperannces3
38%

Score Distribution

Percentile by Number Answered

Percent of People with Each Score

Your Score History

You have not taken this quiz since the last reset